书目信息 |
| 题名: |
记忆
|
|
| 作者: | 巴特莱特 著 ;黎炜 译 | |
| 分册: | ||
| 出版信息: | 杭州 浙江教育出版社 1998 |
|
| 页数: | 19,417页 | |
| 开本: | 20cm | |
| 丛书名: | 20世纪心理学通览 | |
| 单 册: | ||
| 中图分类: | B842.3 , C912.6 | |
| 科图分类: | ||
| 主题词: | 记忆学--社会心理学--研究 , 记忆学 , 社会心理学 | |
| 电子资源: | ||
| ISBN: | 7-5338-2986-7 | |
| 000 | 01179nam0 2200313 450 | |
| 001 | 1574917077 | |
| 005 | 20150128101121.79 | |
| 010 | @a7-5338-2986-7@dCNY19.50 | |
| 100 | @a20070709d1998 em y0chiy0120 ea | |
| 101 | 1 | @achi@ceng |
| 102 | @aCN@b110000 | |
| 105 | @ay z 001yy | |
| 200 | 1 | @a记忆@AJi Yi@e一个实验的与社会的心理学研究@EYi Ge Shi Yan De Yu She Hui De Xin Li Xue Yan Jiu@f(英)弗雷德里克·C.巴特莱特(Frederic C.Bartlett)著@F( Ying ) Fu Lei De Li Ke· C. Ba Te Lai Te (Frederic C.Bartlett) Zhu@g黎炜译 |
| 210 | @a杭州@c浙江教育出版社@d1998 | |
| 215 | @a19,417页@d20cm | |
| 225 | 2 | @a20世纪心理学通览@h第一辑 |
| 300 | @a由Cambridge university prss授权出版 | |
| 410 | 0 | @12001 @a20世纪心理学通览@h第一辑 |
| 510 | 1 | @aRemembering : A study in experimental and social psychology@zeng |
| 517 | 1 | @a一个实验的与社会的心理学研究@AYi Ge Shi Yan De Yu She Hui De Xin Li Xue Yan Jiu |
| 606 | 0 | @a记忆学@x社会心理学@x研究 |
| 606 | 0 | @a记忆学 |
| 606 | 0 | @a社会心理学 |
| 690 | @aB842.3@v4 | |
| 690 | @aC912.6@v4 | |
| 701 | 1 | @a巴特莱特@ABa Te Lai Te@bF.C.@4著 |
| 702 | 0 | @a黎炜@ALi Wei@4译 |
| 801 | 0 | @aCN@bTSSF@c20150128 |
| 905 | @aZUCC@dB842.3@eJY5 | |
| 记忆:一个实验的与社会的心理学研究/(英)弗雷德里克·C.巴特莱特(Frederic C.Bartlett)著/黎炜译.-杭州:浙江教育出版社,1998 |
| 19,417页;20cm.-(20世纪心理学通览.第一辑) |
| 由Cambridge university prss授权出版 |
| ISBN 7-5338-2986-7:CNY19.50 |
| ● |
| 相关链接 |
|
|
|
|
正题名:记忆
索取号:B842.3/JY5
 
预约/预借
| 序号 | 登录号 | 条形码 | 馆藏地/架位号 | 状态 | 备注 |
| 1 | 7845064 | 278450640 | 学院路分馆/ [索取号:B842.3/JY5] | 在馆 | |
| 2 | 7845065 | 278450659 | 学院路分馆/ [索取号:B842.3/JY5] | 在馆 | |
| 3 | 7845066 | 278450668 | 学院路分馆/ [索取号:B842.3/JY5] | 在馆 | |
| 4 | 7845067 | 278450677 | 学院路分馆/ [索取号:B842.3/JY5] | 在馆 | |
| 5 | 7857220 | 278572206 | 学院路分馆/ [索取号:B842.3/JY5] | 在馆 |